1737 1972 1666 1142 1958 1369 1288 1575 1024 1574 1764 1939 1929 1714 1215 1775 1073 1318 1305 1844 1792 1451 1821 1771 1877 1823 1653 1214 1092 1783 1787 1259 1304 1599 1038 1873 1656 1910 1350 1322 1024 1867 1906 1259 1009 1304 1600 1657 1140 1514 1698 1008 1711 1831 1598 1288 1298 1299 1236 1200 1600 1042 1067 1103 1955 1387 1005 1006 1314 1778 1991 1534 1221 1492 1391 1703 1197 1190 1444 1473 1913 1050 1256 1634 1895 1482 1478 1174 1849 1156 1358 1231 1605 1820 1717 1447 1153 1546 1555 BCNSPRNW ULIB Ver.6.0+V

เปลี่ยนเป็นภาษาไทย

Change to English
 แสดงรายละเอียดบรรณานุกรม
  กลับหน้าหลัก

Brief Record : Get Marc (ISO 2709) : E-mail record : QR code < ปิดหน้าต่าง
LEADER : 00000nam 2200000uu 4500
001    13399111197
003     ULIB
008    110620s2550||||th 000 0 tha d
020    9789749763322
050  4 BF636^bจ861ค 2550
100 1  วิเทล, โจ
245 10 คู่มือชีวิตที่คุณควรมีตั้งแต่แรกเกิด =^bLife missing instruction manual/^cโจ วิเทล ; รชต ประชาเรืองวิทย์, แปล ; วันชัย ประชาเรืองวิทย์, บรรณาธิการ
246 31 Life missing instruction manual
260    กรุงเทพฯ :^bต้นไม้,^c2550
300    xvi, 226 หน้า
650  4 ทักษะชีวิต^xคู่มือ
700 0  รชต ประชาเรืองวิทย์
700 0  วันชัย ประชาเรืองวิทย์
945    ^p215^l0^i023329
995    ทศพร
999 ^a ใช้งานได้ทุกระบบ
รายการนี้ยังไม่มีแท็ก
คุณยังไม่ได้ล็อกอิน คุณสามารถมีกิจกรรมร่วมกับเว็บไซต์ได้ แต่ต้องล็อกอินก่อน ::
  ล็อกอิน

รายการสื่อสารสนเทศ

ลำดับที่ ประเภท เลขเรียก/บาร์โค้ด สถานที่ สถานะ
- ไม่พบข้อมูล -

BibComment


ยังไม่เคยถูกคอมเมนท์

คอมเมนท์ทรัพยากรรายการนี้
  คอมเมนท์: คู่มือชีวิตที่คุณ..


 Copyright 2026. Bcnsprnw @Library